| 000 -LEADER |
| fixed length control field |
01515nam a22001697a 4500 |
| 008 - FIXED-LENGTH DATA ELEMENTS--GENERAL INFORMATION |
| fixed length control field |
200904b ||||| |||| 00| 0 eng d |
| 100 ## - MAIN ENTRY--PERSONAL NAME |
| Personal name |
Vidaillet, Benedicte |
| 245 ## - TITLE STATEMENT |
| Title |
Coworking spaces as places where economic diversity can be articulated: Towards a theory of syntopia |
| 260 ## - PUBLICATION, DISTRIBUTION, ETC. (IMPRINT) |
| Place of publication, distribution, etc |
Organization |
| 300 ## - PHYSICAL DESCRIPTION |
| Extent |
27(1), Jan 2019. p. 60-87 |
| 520 ## - SUMMARY, ETC. |
| Summary, etc |
This article reports a qualitative study of several coworking spaces conducted over 3 years. We build on Foucault’s reflection concerning heterotopias to develop a new concept – that of ‘syntopia’ – for theorizing this type of space, whose main characteristic is that its alternative potential lies in enabling its users to articulate economic diversity. Our contribution is twofold: on one hand, our theorization of coworking spaces helps better account for their complexity, for the tensions that can arise within them and for their impacts; on the other hand, with the concept of syntopia, we provide a concept that could help identify other places of a post capitalocentric economy, likely to be a source of profound change in our society. We propose to develop a ‘syntopology’ whose object would be to study systematically the different forms of syntopias, their characteristics, potentials and limitations. |
| 650 ## - SUBJECT ADDED ENTRY--TOPICAL TERM |
| Topical term or geographic name as entry element |
Capitalism, Coworking, Gibson-Graham, Heterotopia, Post capitalocentric, Syntopia |
| 9 (RLIN) |
17535 |
| 700 ## - ADDED ENTRY--PERSONAL NAME |
| Personal name |
Youcef Bousalham, France |
| 9 (RLIN) |
17536 |
| 773 ## - HOST ITEM ENTRY |
| Main entry heading |
Organization |
| 906 ## - LOCAL DATA ELEMENT F, LDF (RLIN) |
| Subject DIP |
WORKSPACE |
| 942 ## - ADDED ENTRY ELEMENTS (KOHA) |
| Item type |
Articles |